000 00646nam a22002177a 4500
003 OSt
005 20171205144637.0
008 171205b xxu||||| |||| 00| 0 eng d
020 _a9781451145991
020 _a1451145993
040 _cDNLM
082 _aQZ4 G914P 2014
100 _aGrossman, Sheila C.; Mattson, Carol Porth
_912273
245 _aPorth's Pathophysiology:concepts of altered health states
250 _a9th ed.
260 _aPhaladelphia; Wolters kluwer, 2014
300 _axxiv,1660p;col.ill: 28.5cm
504 _aReferences, appendix, glossary, & index included
650 _aPathophysiology
_91863
942 _2z
_cB_BANK
999 _c5899
_d5899